| 000 | 00586cam a2200133 4500500 | ||
|---|---|---|---|
| 005 | 20260111145850.0 | ||
| 041 | _afre | ||
| 042 | _adc | ||
| 245 | 0 | 0 | _aLaurier Turgeon, Patrimoines métissés. Contextes coloniaux et postcoloniaux, Éditions de la Maison des sciences de l’homme, Paris & Les Presses de l’Université Laval, 2003, 234 pages |
| 260 | _c2005. | ||
| 500 | _a3 | ||
| 786 | 0 | _nEthnologie française | 35 | 2 | 2005-06-01 | p. 355e-371e | 0046-2616 | |
| 856 | 4 | 1 | _uhttps://shs.cairn.info/revue-ethnologie-francaise-2005-2-page-355e?lang=fr&redirect-ssocas=7080 |
| 999 |
_c1636630 _d1636630 |
||